Los Años sesenta... /

Salvato in:
Dettagli Bibliografici
Autore principale: Wing - Ching Sandí, Isabel
Natura: testo
Soggetti:
Tags: Aggiungi Tag
Nessun Tag, puoi essere il primo ad aggiungerne!!

MARC

LEADER 00000 a a2200000 04500
001 13594
003
040
100 |a Wing - Ching Sandí, Isabel  
245 |a Los Años sesenta... /  |c Isabel Wing - Ching Sandí 
650 |a HISTORIA  
650 |a ANALISIS HISTORICO  
650 |a CAMBIO SOCIAL  
650 |a MOVIMIENTOS SOCIALES  
650 |a CAMBIO CULTURAL  
650 |a REFORMA DE LA EDUCACION  
773 |g número 75; páginas 17-31  
999 |c 24866  |d 24866